| 000 | 00555nam a22002297a 4500 | ||
|---|---|---|---|
| 999 |
_c11119 _d11119 |
||
| 003 | OSt | ||
| 008 | 220409b ||||| |||| 00| 0 eng d | ||
| 020 | _a9380896204 | ||
| 082 | _a001 JAP | ||
| 100 | _aJAIN,Geeta | ||
| 245 | _aProgramming in C and Numerical Methods Sem 4 | ||
| 250 | _a11th Ed | ||
| 260 |
_aNew Delhi _bJeevansons Publications _c2022 |
||
| 300 | _aMISC | ||
| 650 | _aBA/BSC | ||
| 700 | _aSEHGAL,Amit | ||
| 700 | _aGUPTA,Vishakha | ||
| 700 | _aBANSAL,Priti | ||
| 700 | _aRajni | ||
| 700 | _aDAHIYA,Ashok | ||
| 942 |
_2ddc _cBK _012 |
||